000
00388nam a22001577a 4500
005
20251108170050.0
008
250721s9999 xx 000 0 ara d
082
1
4
_a
ط/ق/خيا
245
1
0
_a
الخياط الصغير /
264
_c
[19-].
300
_a
16ص : مص
650
1
7
_a
أدب الأطفال
650
1
7
_a
القصص العربية
942
_2
ddc
_c
BK
999
_c
38854
_d
38854